All Chairs and Ranking Members of U.S. Senate - Statistics

General Stats
  • This quiz has been taken 4 times
  • The average score is 17 of 32
Answer Stats
Committee Chair % Correct
Judiciary Chuck Grassley
100%
Armed Services Roger Wicker
100%
Appropriations Susan Collins
100%
Health, Education, Labor and Pensions Bernie Sanders
67%
Health, Education, Labor and Pensions Bill Cassidy
67%
Judiciary Dick Durbin
67%
Armed Services Jack Reed
67%
Foreign Relations Jim Risch
67%
Small Business and Entrepreneurship Joni Ernst
67%
Budget Lindsey Graham
67%
Commerce, Science and Transportation Maria Cantwell
67%
Energy and Natural Resources Martin Heinrich
67%
Finance Mike Crapo
67%
Rules and Administration Mitch McConnell
67%
Appropriations Patty Murray
67%
Banking, Housing and Urban Affairs Tim Scott
67%
Rules and Administration Alex Padilla
33%
Agriculture, Nutrition and Forestry Amy Klobuchar
33%
Small Business and Entrepreneurship Ed Markey
33%
Banking, Housing and Urban Affairs Elizabeth Warren
33%
Homeland Security and Governmental Affairs Gary Peters
33%
Foreign Relations Jeanne Shaheen
33%
Budget Jeff Merkley
33%
Veterans' Affairs Jerry Moran
33%
Energy and Natural Resources Mike Lee
33%
Homeland Security and Governmental Affairs Rand Paul
33%
Veterans' Affairs Richard Blumenthal
33%
Finance Ron Wyden
33%
Environment and Public Works Sheldon Whitehouse
33%
Environment and Public Works Shelley Moore Capito
33%
Commerce, Science and Transportation Ted Cruz
33%
Agriculture, Nutrition and Forestry John Boozman
0%
No matching quizzes found
Score Distribution
Percent of People with Each Score
Percentile by Number Answered
Your Score History
You have not taken this quiz